Más allá del bien y del mal

में बचाया:
ग्रंथसूची विवरण
स्वरूप: पुस्तक
भाषा:स्पेनिश
प्रकाशित: Madrid EDAF 1985
संस्करण:1a. ed
श्रृंखला:Biblioteca EDAF, 115
विषय:
टैग: टैग जोड़ें
कोई टैग नहीं, इस रिकॉर्ड को टैग करने वाले पहले व्यक्ति बनें!

MARC

LEADER 00000cam a2200000 a 4500
001 UCX5346
003 CL-VaPUC
008 921023e19850000SP |||||||||||||||||spa|d
020 |a 8471666146 
082 0 4 |a 170  |b NIE  |2 21 
245 1 0 |a Más allá del bien y del mal 
250 |a 1a. ed 
300 |a 217 p 
942 |c BK 
945 |d 19921023 00:00:00 
260 |a Madrid  |b EDAF  |c 1985 
650 0 |a Ética  |9 255099 
650 0 |a Filosofía alemana   |9 265002 
583 |a last modification  |c 20170830 16:17:53  |k Rodrigo Vera 
490 0 |a Biblioteca EDAF, 115 
999 |c 225621  |d 225619 
952 |0 0  |1 0  |3 erb  |4 0  |6 170_000000000000000_NIE_1985  |7 0  |8 A  |9 223312  |a BIBEDU  |b BIBEDU  |i 5360870  |l 5  |o 170 NIE 1985  |p 5360870  |r 2023-07-24  |s 2023-07-24  |w 2019-11-15  |y BK  |z Catalogado en:20170119  |k EPE